00247nam a2200085Ia 4500008004100000100001800041245006400059260003000123300000800153201217s9999 xx 000 0 und d aMartin, James 0aInformation Engineering : Planning and Analysis ( Book II ) aNew JerseybPrentice-Hall a497